00962nas a2200241Ia 4500001001100000003000900011008004100020040001300061040001300074041001300087100003800100210001200138222001200150245007700162250001100239260002200250501008600272300001100358310001500369362003100384500026200415650004300677R142/77673IT-RoPAU151124c99999999xx |||||||||||| ||und|| aIT-RoPAU cIT-RoPAU aFRANCESE aAA.VV. gCodice Aut. SPICS: 12000 aRESEAUX aReseaux aRESEAUX, N.048 (LUGLIO/AGOSTO 1991)bReseaux, N.048 (Luglio/Agosto 1991) a1a ed. aPARISbCNETc1991 bPaulus - SPICS - Società San Paolo EM (non-commercial uses only)cCopyright2015 a128 p. aBIMESTRALE aN.048 (LUGLIO/AGOSTO 1991) aReti: Comunicazione, Tecnologia e Società. Dossier Sul Nuovo Disordine Delle Reti con Contributi di Autori Vari. Punto Sull'Audience della Stampa Scritta. Note di Lettura: Communication Par la Bande di Daniel Bougnoux, la Stampa in Francia Dal 1945 Ai Nos aCOMUNICAZIONEvPUBBLICAZIONE PERIODICA